[Event "TUR-ch U13/18 Girls"]
[Site "Antalya"]
[Date "2023.01.22"]
[Round "1"]
[White "Altay, Bengisu"]
[Black "Celik, Fatma Nisa"]
[Result "0-1"]
[WhiteElo "1047"]
[BlackElo "1471"]
[PlyCount "96"]
[EventDate "2023.01.17"]
[EventType "swiss"]
[EventRounds "9"]
[EventCountry "TUR"]
[SourceTitle "EXT 2024"]
[Source "ChessBase"]
[SourceDate "2023.10.10"]
[SourceVersion "1"]
[SourceVersionDate "2023.10.10"]
[SourceQuality "1"]

1. e4 e6 2. d4 d5 3. Bd3 dxe4 4. Bxe4 h6 5. Ne2 Nf6 6. Bf3 Be7 7. Be3 c6 8. c4 0-0 9. 0-0 Nh7 10. g3 Bg5 11. Bg2 Bxe3 12. fxe3 Qg5 13. Qd3 Nd7 14. Nbc3 Qe7 15. d5 exd5 16. cxd5 Ne5 17. Qd4 Rd8 18. Rad1 Rd6 19. Qc5 b6 20. Qb4 c5 21. Qb3 Ba6 22. Qc2 Nf6 23. Ne4 Nxe4 24. Bxe4 Ng4 25. Bh7+ Kh8 26. e4 Ne3 27. Qd2 Nxf1 28. Rxf1 Bxe2 29. Qxe2 Kxh7 30. e5 Rg6 31. Qe4 Re8 32. Re1 c4 33. d6 Qe6 34. Qb7 Rd8 35. Qc7 Rd7 36. Qc6 f6 37. Kf1 fxe5 38. Rxe5 Qxe5 39. Qxd7 Qxd6 40. Qxa7 Rf6+ 41. Kg2 Qd2+ 42. Kh3 Qxb2 43. a4 c3 44. a5 c2 45. axb6 c1Q 46. b7 Qf1+ 47. Kg4 Qbe2+ 48. Kh4 g5# 0-1

[Event "EU-ch U12 Girls 30th"]
[Site "Antalya"]
[Date "2022.11.14"]
[Round "9"]
[White "Sickmann, Lisa"]
[Black "Celik, Fatma Nisa"]
[Result "1-0"]
[WhiteElo "1888"]
[BlackElo "1424"]
[PlyCount "123"]
[EventDate "2022.11.06"]
[EventType "swiss"]
[EventRounds "9"]
[EventCountry "TUR"]
[SourceTitle "EXT 2024"]
[Source "ChessBase"]
[SourceDate "2023.10.10"]
[SourceVersion "1"]
[SourceVersionDate "2023.10.10"]
[SourceQuality "1"]

1. e4 c5 2. Nf3 Nc6 3. d4 cxd4 4. Nxd4 e5 5. Nb5 d6 6. c4 Be6 7. N1c3 a6 8. Na3 g6 9. Nc2 Bg7 10. Be2 Nf6 11. 0-0 0-0 12. Be3 Rc8 13. f3 Nh5 14. Qd2 Nf4 15. b3 h5 16. Rfd1 h4 17. Bf1 Re8 18. Qxd6 Qa5 19. Na4 Qd8 20. Qxd8 Rcxd8 21. Bb6 Rc8 22. Bf2 Rcd8 23. Bxh4 f6 24. Bf2 g5 25. Bb6 Rc8 26. Nc5 Kf7 27. Nxb7 Bf8 28. c5 Be7 29. Bxa6 Rb8 30. Bc7 Ra8 31. Bb5 Rec8 32. Bb6 Na7 33. Bd7 Rcb8 34. Nd6+ Bxd6 35. Rxd6 Nc8 36. Bxc8 Rxc8 37. Kf2 Ng6 38. Rdd1 Nf8 39. Ne3 Nd7 40. Nf5 Bxf5 41. exf5 Nxc5 42. Bxc5 Rxc5 43. a4 Rc2+ 44. Kg3 Rb2 45. Rdb1 Rd2 46. b4 Rc8 47. Rc1 Rcd8 48. a5 R8d4 49. a6 e4 50. a7 Rd8 51. a8Q Rxa8 52. Rxa8 Rd7 53. fxe4 Kg7 54. Rca1 Rd3+ 55. Kf2 g4 56. Rb1 Kh6 57. b5 Kg5 58. b6 Rd7 59. b7 g3+ 60. hxg3 Kg4 61. Rg8+ Kh5 62. Rh1# 1-0

[Event "EU-ch U12 Girls 30th"]
[Site "Antalya"]
[Date "2022.11.13"]
[Round "8"]
[White "Dicen, Elis Denele"]
[Black "Celik, Fatma Nisa"]
[Result "1-0"]
[WhiteElo "1732"]
[BlackElo "1424"]
[PlyCount "135"]
[EventDate "2022.11.06"]
[EventType "swiss"]
[EventRounds "9"]
[EventCountry "TUR"]
[SourceTitle "CBM 211 Extra"]
[Source "ChessBase"]
[SourceDate "2023.01.31"]
[SourceVersion "1"]
[SourceVersionDate "2023.01.31"]
[SourceQuality "1"]

1. d4 e6 2. Nf3 f5 3. g3 Nf6 4. Bg2 c6 5. 0-0 d5 6. c4 Bd6 7. Nc3 0-0 8. Qc2 Ne4 9. b3 Nd7 10. Bb2 Qe7 11. Nd2 Nxd2 12. Qxd2 b6 13. cxd5 exd5 14. Nxd5 Qf7 15. Nc3 Bb7 16. Rad1 Kh8 17. d5 c5 18. Nb5 Qe7 19. Nxd6 Qxd6 20. Qg5 Rf7 21. Rfe1 h6 22. Qd2 Re8 23. Bf3 Nf6 24. Bxf6 Rxf6 25. e4 fxe4 26. Bxe4 Ref8 27. f3 Bc8 28. Re3 a6 29. Rde1 Bb7 30. f4 Bc8 31. Bg2 R6f7 32. Re8 Bd7 33. Rxf8+ Rxf8 34. Qc3 Rf5 35. Re5 c4 36. Be4 Rxe5 37. fxe5 Qc5+ 38. Kg2 Qa3 39. Qc2 b5 40. e6 Be8 41. Qf2 Qe7 42. Qf5 g6 43. Qe5+ Kg8 44. d6 Qd8 45. d7 Bxd7 46. exd7 Qxd7 47. Qd5+ Qxd5 48. Bxd5+ Kf8 49. bxc4 bxc4 50. Bxc4 a5 51. Kf3 Ke7 52. Ke4 Kd6 53. Bf7 g5 54. Kf5 Ke7 55. Bb3 g4 56. Kxg4 Kf6 57. Kh5 a4 58. Bxa4 Kg7 59. Bc6 Kh7 60. a4 Kg7 61. a5 Kh7 62. a6 Kg7 63. a7 Kh7 64. a8Q Kg7 65. Qe8 Kh7 66. Qe7+ Kg8 67. Kg6 Kh8 68. Qg7# 1-0

[Event "Wch U12 Girls"]
[Site "Batumi"]
[Date "2022.09.23"]
[Round "7"]
[White "Sida, Flavia Maria"]
[Black "Celik, Fatma Nisa"]
[Result "0-1"]
[WhiteElo "1529"]
[BlackElo "1291"]
[PlyCount "27"]
[EventDate "2022.09.16"]
[EventType "swiss"]
[EventRounds "11"]
[EventCountry "GEO"]
[SourceTitle "EXT 2023"]
[Source "ChessBase"]
[SourceDate "2022.10.05"]
[SourceVersion "1"]
[SourceVersionDate "2022.10.05"]
[SourceQuality "1"]

1. d4 e6 2. Nf3 f5 3. g3 Nf6 4. Bg2 c6 5. 0-0 d5 6. Ne5 Bd6 7. h3 0-0 8. Nd2 Nbd7 9. Ndf3 Qb6 10. c4 Bxe5 11. dxe5 Ne4 12. Qc2 Qd8 13. b3 g5 14. Bb2 0-1

[Event "Wch U12 Girls"]
[Site "Batumi"]
[Date "2022.09.17"]
[Round "2"]
[White "Celik, Fatma Nisa"]
[Black "Negre, Emilie"]
[Result "1/2-1/2"]
[WhiteElo "1291"]
[BlackElo "1722"]
[PlyCount "67"]
[EventDate "2022.09.16"]
[EventType "swiss"]
[EventRounds "11"]
[EventCountry "GEO"]
[SourceTitle "EXT 2023"]
[Source "ChessBase"]
[SourceDate "2022.10.05"]
[SourceVersion "1"]
[SourceVersionDate "2022.10.05"]
[SourceQuality "1"]

1. e4 e5 2. Nf3 Nc6 3. Bc4 Bc5 4. c3 Nf6 5. d4 exd4 6. e5 d5 7. Bb5 Ne4 8. cxd4 Bb6 9. Nc3 0-0 10. Be3 Ba5 11. Rc1 Nb4 12. Qb3 c6 13. Be2 Qb6 14. 0-0 Nxc3 15. bxc3 Na6 16. Qc2 Nb8 17. Bd3 g6 18. Bg5 Nd7 19. Qd2 f6 20. Bh6 Re8 21. exf6 Nxf6 22. Ne5 Qc7 23. Bg5 Qg7 24. Bh6 Qc7 25. Qc2 Ng4 26. Bf4 Nxe5 27. Bxe5 Qf7 28. f4 Bf5 29. Rf3 Bb6 30. Rg3 Bxd3 31. Qxd3 Re6 32. Kh1 Rae8 33. Qf3 Bc7 34. Rf1 1/2-1/2